[Event "Seefeld op 15th"]
[Site "Seefeld"]
[Date "2004.09.23"]
[Round "6"]
[White "Birchmeier, Walter"]
[Black "Safdar, Mahmood"]
[Result "0-1"]
[WhiteElo "1874"]
[BlackElo "1515"]
[PlyCount "128"]
[EventDate "2004.09.18"]
[EventType "swiss"]
[EventRounds "9"]
[EventCountry "AUT"]
[SourceTitle "EXT 2005"]
[Source "ChessBase"]
[SourceDate "2004.11.15"]
[SourceVersion "1"]
[SourceVersionDate "2004.11.15"]
[SourceQuality "1"]

1. c4 c5 2. Nf3 Nc6 3. g3 d6 4. Bg2 e5 5. Nc3 Be6 6. d3 f5 7. Ng5 Bd7 8. Bd5 Nh6 9. e4 Qf6 10. Bxc6 Bxc6 11. Nd5 Bxd5 12. exd5 0-0-0 13. Ne6 Rd7 14. Qa4 a6 15. Qa5 Nf7 16. Qb6 Kb8 17. Bd2 Be7 18. h4 h6 19. 0-0-0 Nd8 20. Nxd8 Bxd8 21. Qb3 Rf8 22. f4 e4 23. dxe4 fxe4 24. Rde1 Re8 25. Re3 Qf5 26. Bc3 g5 27. hxg5 hxg5 28. Rhe1 gxf4 29. gxf4 Qxf4 30. Bd2 Qf5 31. Qc2 Rde7 32. b4 Re5 33. Rb3 Bg5 34. Bxg5 Qxg5+ 35. Qd2 Qxd2+ 36. Kxd2 cxb4 37. Rxb4 Kc7 38. Ke3 b6 39. Rb3 a5 40. Kd4 Kd7 41. Rbe3 Rh8 42. a3 Rh2 43. R1e2 Rxe2 44. Rxe2 e3 45. Rxe3 Rxe3 46. Kxe3 Ke7 47. Kf3 Kf6 48. Kf4 a4 49. Ke4 Kg5 50. Kf3 Kf5 51. Ke3 Ke5 52. Kd3 b5 53. cxb5 Kxd5 54. b6 Kc6 55. b7 Kxb7 56. Kc4 Kc6 57. Kb4 Kd5 58. Kxa4 Kc4 59. Ka5 d5 60. Kb6 d4 61. a4 d3 62. a5 d2 63. a6 d1Q 64. a7 Qd5 0-1

[Event "Seefeld op 15th"]
[Site "Seefeld"]
[Date "2004.09.21"]
[Round "4"]
[White "Wawrinsky, Ludwig"]
[Black "Safdar, Mahmood"]
[Result "1-0"]
[WhiteElo "1966"]
[BlackElo "1515"]
[PlyCount "55"]
[EventDate "2004.09.18"]
[EventType "swiss"]
[EventRounds "9"]
[EventCountry "AUT"]
[SourceTitle "EXT 2005"]
[Source "ChessBase"]
[SourceDate "2004.11.15"]
[SourceVersion "1"]
[SourceVersionDate "2004.11.15"]
[SourceQuality "1"]

1. e4 d5 2. exd5 Nf6 3. Nc3 e6 4. Bb5+ Bd7 5. dxe6 Qe7 6. Qe2 fxe6 7. Nf3 Nc6 8. 0-0 0-0-0 9. Re1 Re8 10. d4 Kb8 11. Bf4 h6 12. Bxc6 Bxc6 13. Ne5 g5 14. Nxc6+ bxc6 15. Be5 Rg8 16. Qc4 Kb7 17. Na4 Nd7 18. Qb3+ Nb6 19. Nc5+ Ka8 20. Qf3 Nd5 21. c4 g4 22. Qe4 Qd8 23. cxd5 Bxc5 24. dxc5 exd5 25. Qa4 Rg6 26. Re3 Rge6 27. Rae1 Qg5 28. Ra3 1-0

[Event "Seefeld op 14th"]
[Site "Seefeld"]
[Date "2003.09.19"]
[Round "7"]
[White "Muecke, Ulf"]
[Black "Safdar, Mahmood"]
[Result "1-0"]
[WhiteElo "1495"]
[BlackElo "1638"]
[PlyCount "95"]
[EventDate "2003.09.13"]
[EventType "swiss"]
[EventRounds "9"]
[EventCountry "AUT"]
[SourceTitle "CBM 097 Extra"]
[Source "ChessBase"]
[SourceDate "2004.01.13"]
[SourceVersion "1"]
[SourceVersionDate "2004.01.13"]
[SourceQuality "1"]

1. d4 d5 2. Nf3 c5 3. c3 e6 4. Bf4 Nc6 5. e3 f5 6. Nbd2 Nf6 7. Bb5 Bd6 8. Bxd6 Qxd6 9. Ne5 a6 10. Qa4 Bd7 11. Nxd7 Nxd7 12. Nf3 0-0 13. Bxc6 bxc6 14. 0-0 Rfb8 15. Rab1 Rb5 16. Qd1 Rab8 17. b3 c4 18. Qc2 Qa3 19. b4 h6 20. h3 Kf7 21. Nd2 a5 22. bxa5 Qxa5 23. Rxb5 cxb5 24. f3 Qa4 25. Qxa4 bxa4 26. Rb1 Rxb1+ 27. Nxb1 Ke7 28. a3 Kf6 29. Kf2 e5 30. Nd2 g5 31. g4 Nf8 32. dxe5+ Kxe5 33. gxf5 Kxf5 34. e4+ Ke5 35. Kg3 Ne6 36. exd5 Kxd5 37. Kg4 Ng7 38. Ne4 Ke5 39. Nc5 Kf6 40. Nxa4 h5+ 41. Kg3 Nf5+ 42. Kf2 Ke5 43. Nb6 Nd6 44. a4 Nb7 45. Nxc4+ Kd5 46. Nd2 Kc5 47. Ke3 Nd6 48. Ne4+ 1-0

[Event "Seefeld op 14th"]
[Site "Seefeld"]
[Date "2003.09.15"]
[Round "3"]
[White "Birchmeier, Walter"]
[Black "Safdar, Mahmood"]
[Result "1-0"]
[WhiteElo "1873"]
[BlackElo "1638"]
[PlyCount "73"]
[EventDate "2003.09.13"]
[EventType "swiss"]
[EventRounds "9"]
[EventCountry "AUT"]
[SourceTitle "CBM 097 Extra"]
[Source "ChessBase"]
[SourceDate "2004.01.13"]
[SourceVersion "1"]
[SourceVersionDate "2004.01.13"]
[SourceQuality "1"]

1. c4 c5 2. Nf3 d6 3. g3 e5 4. Nc3 Nc6 5. Bg2 f5 6. d3 Nf6 7. 0-0 Be7 8. Bg5 Bd7 9. e3 a6 10. Bxf6 Bxf6 11. Nd5 0-0 12. Rb1 b5 13. Nd2 b4 14. a4 a5 15. b3 Rc8 16. Kh1 Bg5 17. f4 exf4 18. gxf4 Bf6 19. Rf3 Ne7 20. Rh3 Be8 21. Qe2 g6 22. Rg1 Nxd5 23. Bxd5+ Bf7 24. Qg2 Qe7 25. Nf1 Bxd5 26. Qxd5+ Rf7 27. Qxf5 Re8 28. Qd5 Bc3 29. f5 g5 30. e4 Qf6 31. Ne3 Kh8 32. Ng4 Qe7 33. Rh6 Bf6 34. Rg3 Rd8 35. Qe6 Rdf8 36. Rgh3 Be5 37. Rxh7+ 1-0